LEADER 00991nam0-2200325---450- 001 990008282580403321 005 20060227150227.0 010 $a88-7088-333-7 035 $a000828258 035 $aFED01000828258 035 $a(Aleph)000828258FED01 035 $a000828258 100 $a20060223d1996----km-y0itay50------ba 101 0 $aspa 102 $aIT 105 $ay-------001yy 200 1 $a<>debate cosmológico en 1588$eBruno, Brahe, Rothmann, Ursus, Röslin$fMiguel A. Granada 210 $aNapoli$cBibliopolis$d© 1996 215 $a165 p.$d21 cm 225 1 $aLezioni della Scuola di studi superiori in Napoli$v18 300 $aIn testa al front.: Istituto italiano per gli studi filosofici 676 $a113$v20$zita 700 1$aGranada,$bMiguel Angel$0386479 801 0$aIT$bUNINA$gRICA$2UNIMARC 901 $aBK 912 $a990008282580403321 952 $aXI ISF L 18$fDFD 959 $aDFD 996 $aDebate cosmológico en 1588$9740200 997 $aUNINA LEADER 01051nam--2200361---450- 001 990006001440203316 005 20150128152713.0 010 $a978-88-238-4372-1 035 $a000600144 035 $aUSA01000600144 035 $a(ALEPH)000600144USA01 035 $a000600144 100 $a20150102d2013----km-y0itay50------ba 101 $aita 102 $aIT 105 $a||||||||001yy 200 1 $a<> remunerazione manageriale$eun'indagine conoscitiva$fFabio Zona 210 $aMilano$cEgea$d2013 215 $a178 p.$d24 cm 225 2 $aStudi & ricerche 410 0$aStudi & ricerche 606 0 $aDirigenti aziendali$yTrattamento economico$2BNCF 676 $a658.4072 700 1$aZONA,$bFabio$0436564 801 0$aIT$bsalbc$gISBD 912 $a990006001440203316 951 $a658.407 ZON 1$b81397 G.$c658.407 ZON$d366518 959 $aBK 969 $aECO 979 $aFIORELLA$b90$c20150128$lUSA01$h1516 979 $aFIORELLA$b90$c20150128$lUSA01$h1527 996 $aRemunerazione manageriale$91078928 997 $aUNISA